00000000nas##2200000za#4500
0019.508443
003CaOODSP
00520241210082316
007ta
008150406c2000||||xxc|| p #||||f|   |0fre|d
022 |a1488-4186
040 |aCaOODSP|bfre
041 |aeng
041 |afre
043 |an-cn---
0861 |aFB12-5
1102 |aBanque du Canada.
24510|aStatistiques bancaires et financières de la Banque du Canada
260 |aOttawa - Ontario : |bBanque du Canada |c[19--?]-- décembre 2007.
310 |aMensuel
500 |a«Le tarif d'abonnement est réduit de moitié pour: les bibliothèques des ministères gouvernementaux canadiens, les bibliothèques publiques canadiennes, les bibliothèques des établissements d'enseignement canadiens et étrangers.»--Le dos.
500 |aPublié seulement en version PDF à partir du janvier 2008.
5203 |aCe recueil mensuel de tableaux statistiques présente la situation des principaux indicateurs financiers et économiques et des variables clés relatives à la politique monétaire. Il donne la liste de l’actif et du passif de la Banque du Canada, des banques à charte et d’autres institutions financières, et renferme des données sur les titres des marchés financiers canadiens. Comprend des statistiques économiques diverses, des données sur les cours du change et les dernières statistiques sur la balance des paiements et le commerce extérieur.
563 |aPolycopié
69107|aOpération bancaire|2gcpds
69107|aStatistiques économiques|2gcpds
7760#|tBank of Canada banking and financial statistics |w(CaOODSP)9.500285
791 |tBank of Canada banking and financial statistics |eeng|w(CaOODSP)9.508442